Normal view MARC view

Entry Personal Name

Number of records used in: 1

001 - CONTROL NUMBER

  • control field: 624035

003 - CONTROL NUMBER IDENTIFIER

  • control field: OSt

005 - DATE AND TIME OF LATEST TRANSACTION

  • control field: 20221005110030.0

008 - FIXED-LENGTH DATA ELEMENTS

  • fixed length control field: 221005|| aca||aabn | a|a d

040 ## - CATALOGING SOURCE

  • Original cataloging agency: OSt
  • Transcribing agency: OSt

100 ## - HEADING--PERSONAL NAME

  • Personal name: मणि, के एस, अनु

670 ## - SOURCE DATA FOUND

  • Source citation: Work cat.: (OSt)1017591: नायर, एम टी वासुदेवन 623841, दूसरी बारी, 1999
Copyright @ Delhi University Library System